[Event "IECG CA.2001.0.00010"]
[Site "IECG email"]
[Date "2002.01.02"]
[Round "?"]
[White "Atuan, Jorge Daniel"]
[Black "Ponciano, Manuel"]
[Result "1-0"]
[WhiteElo "2077"]
[BlackElo "2020"]
[PlyCount "45"]
[EventDate "2001.07.18"]
[EventType "tourn (corr)"]
[EventRounds "6"]
[SourceTitle "Corr 2008"]
[Source "ChessBase"]
[SourceDate "2008.06.24"]
[SourceVersion "1"]
[SourceVersionDate "2008.06.24"]
[SourceQuality "1"]

1. e4 c5 2. d4 cxd4 3. c3 dxc3 4. Nxc3 a6 5. Bc4 e6 6. Nf3 b5 7. Bb3 Bb7 8. Qe2 d6 9. 0-0 Nd7 10. Rd1 b4 11. Bg5 f6 12. Nd4 Nc5 13. e5 fxg5 14. exd6 Bxd6 15. Nxe6 Nxe6 16. Ne4 Nf4 17. Nxd6+ Kf8 18. Qc4 Qd7 19. Qxb4 Ne2+ 20. Kh1 Bxg2+ 21. Kxg2 Ne7 22. Kf1 Nf4 23. Qc4 1-0

[Event "IECG CA.2001.0.00010"]
[Site "IECG email"]
[Date "2001.10.15"]
[Round "?"]
[White "Draba, Henryk"]
[Black "Ponciano, Manuel"]
[Result "1/2-1/2"]
[WhiteElo "2027"]
[BlackElo "2020"]
[PlyCount "30"]
[EventDate "2001.07.18"]
[EventType "tourn (corr)"]
[EventRounds "6"]
[SourceTitle "Corr 2008"]
[Source "ChessBase"]
[SourceDate "2008.06.24"]
[SourceVersion "1"]
[SourceVersionDate "2008.06.24"]
[SourceQuality "1"]

1. e4 c5 2. Nf3 d6 3. d4 cxd4 4. Nxd4 Nf6 5. Nc3 Nc6 6. Bg5 Qb6 7. Nb3 e6 8. Qd2 a6 9. 0-0-0 Bd7 10. Bxf6 gxf6 11. Kb1 Rc8 12. f4 Na5 13. Nxa5 Qxa5 14. h3 b5 15. Bd3 d5 1/2-1/2

[Event "IECG C1.2000.0.00299"]
[Site "IECG email"]
[Date "2000.08.01"]
[Round "?"]
[White "Ponciano, Manuel"]
[Black "Balcazar Novoa, Luis Marcos"]
[Result "1/2-1/2"]
[WhiteElo "1800"]
[BlackElo "1985"]
[PlyCount "43"]
[EventDate "2000.08.01"]
[EventType "tourn (corr)"]
[EventRounds "6"]
[SourceTitle "Corr 2008"]
[Source "ChessBase"]
[SourceDate "2008.06.24"]
[SourceVersion "1"]
[SourceVersionDate "2008.06.24"]
[SourceQuality "1"]

1. e4 c5 2. Nf3 Nc6 3. d4 cxd4 4. Nxd4 Nf6 5. Nc3 g6 6. Nxc6 bxc6 7. e5 Ng8 8. Bc4 Bg7 9. Bf4 f5 10. Qd2 e6 11. 0-0-0 Qc7 12. Rhe1 Rb8 13. h3 h6 14. g4 Ne7 15. Bh2 Qa5 16. gxf5 gxf5 17. Bb3 Nd5 18. Na4 Qxd2+ 19. Rxd2 Bf8 20. c4 Nb6 21. Nxb6 axb6 22. Rg1 1/2-1/2

[Event "IECC CL4-2000.21"]
[Site "IECC email"]
[Date "2000.04.11"]
[Round "?"]
[White "Caprioglio, Marco"]
[Black "Ponciano, Manuel"]
[Result "1/2-1/2"]
[WhiteElo "1766"]
[BlackElo "1653"]
[PlyCount "47"]
[EventDate "2000.??.??"]
[EventType "tourn (corr)"]
[EventRounds "4"]
[SourceTitle "Corr 2008"]
[Source "ChessBase"]
[SourceDate "2008.06.24"]
[SourceVersion "1"]
[SourceVersionDate "2008.06.24"]
[SourceQuality "1"]

1. e4 c5 2. d4 cxd4 3. c3 Nf6 4. e5 Nd5 5. Nf3 Nc6 6. cxd4 d6 7. Bc4 Nb6 8. Bb3 dxe5 9. Nxe5 Nxe5 10. dxe5 Qxd1+ 11. Bxd1 g6 12. Nc3 Bg7 13. f4 0-0 14. 0-0 Bd7 15. Bb3 Rfc8 16. Be3 Nc4 17. Bxc4 Rxc4 18. Rac1 Kf8 19. Rfd1 Bg4 20. Rd2 g5 21. g3 gxf4 22. gxf4 Bh6 23. h3 Bf5 24. Ne2 1/2-1/2